000 00308nam a2200121Ia 4500
100 _aNational Semi conductor
942 _cBK
654 _aLinear devices
245 _aGeneral purpose linear devices databook
260 _bNational semiconductor corpn.
_aCalifornia
_c1989
546 _aENGLISH
999 _c18429
_d18429